Language Quiz

Random Language Quiz

Words starting with 'Ye' Quiz Stats

Quiz not verified by Sporcle

Also try: Word Overlaps
Challenge
Share
Tweet
Embed
Score 0/13 Timer 10:00
0 Plays Today
% Correct
yes
100%
yen
52%
year
52%
yew
40%
yesterday
36%
yeah
36%
yemen
28%
yelp
28%
yeast
24%
yellowfin
16%
yeti
12%
yentl
8%
0%

You're not logged in!

Compare scores with friends on all Sporcle quizzes.
Join for Free
OR
Log In

You Might Also Like...

Show Comments

Extras

Created Nov 25, 2012ReportNominate
Tags:starting

Top Quizzes Today


Score Distribution

Your Account Isn't Verified!

In order to create a playlist on Sporcle, you need to verify the email address you used during registration. Go to your Sporcle Settings to finish the process.

Report this User

Report this user for behavior that violates our Community Guidelines.

Details: